[Event "7. Copenhagen Open Politiken Cup"]
[Site "Copenhagen"]
[Date "1985.??.??"]
[Round "1"]
[White "Agdestein, Espen"]
[Black "Mokry, Karel"]
[Result "0-1"]
[WhiteElo "2305"]
[BlackElo "2490"]
[PlyCount "78"]
[EventDate "1985.??.??"]
[EventType "swiss"]
[EventRounds "10"]
[EventCountry "DEN"]
[SourceDate "2004.01.01"]

1. d4 d6 2. c4 e5 3. Nf3 e4 4. Nfd2 f5 5. Nc3 Nf6 6. e3 g6 7. Be2 Bg7 8. O-O
O-O 9. b4 Be6 10. b5 Nbd7 11. Nb3 Re8 12. Ba3 Nf8 13. c5 d5 14. Na5 Qc8 15. Bb4
Bf7 16. b6 axb6 17. cxb6 cxb6 18. Nb3 Qe6 19. Nb5 Rec8 20. Qd2 Rc6 21. Rfc1 Ra4
22. a3 g5 23. Nc3 Ra8 24. Nb5 Ne8 25. Rc3 Ng6 26. Rac1 f4 27. g3 fxg3 28. fxg3
Ne7 29. Bxe7 Rxc3 30. Rxc3 Qxe7 31. Qc2 Be6 32. g4 Qf6 33. Nd2 h5 34. gxh5 g4
35. Nf1 Bh6 36. Ng3 Ng7 37. Nc7 Rf8 38. Nxe6 Qf2+ 39. Kh1 Qe1+ 0-1

[Event "7. Copenhagen Open Politiken Cup"]
[Site "Copenhagen"]
[Date "1985.??.??"]
[Round "1"]
[White "Andersson, Tor"]
[Black "Berg, Klaus"]
[Result "0-1"]
[WhiteElo "2245"]
[BlackElo "2340"]
[PlyCount "68"]
[EventDate "1985.??.??"]
[EventType "swiss"]
[EventRounds "10"]
[EventCountry "DEN"]
[SourceDate "2004.01.01"]

1. d4 Nf6 2. c4 c5 3. Nf3 cxd4 4. Nxd4 b6 5. Nc3 Bb7 6. Bf4 g6 7. Qc2 Bg7 8.
Rd1 O-O 9. e4 d6 10. Bc1 Nbd7 11. Be2 Rc8 12. O-O a6 13. f3 Qc7 14. Qd2 Ne5 15.
b3 e6 16. Bb2 Rfd8 17. Rc1 Qb8 18. Na4 Ba8 19. Qb4 Ned7 20. Rcd1 b5 21. Nc3 Qb6
22. cxb5 e5 23. Na4 Qb8 24. b6 Bb7 25. Bc4 exd4 26. Bxd4 Ne5 27. Bxe5 dxe5 28.
Qa5 Bf8 29. h3 Kg7 30. Kh1 h5 31. Rd2 Rxd2 32. Qxd2 Be7 33. Qe2 h4 34. Rd1 Nh5
0-1

[Event "7. Copenhagen Open Politiken Cup"]
[Site "Copenhagen"]
[Date "1985.??.??"]
[Round "1"]
[White "Andreasen, Per Naesby"]
[Black "Wockenfuss, Klaus"]
[Result "1/2-1/2"]
[WhiteElo "2260"]
[BlackElo "2375"]
[PlyCount "42"]
[EventDate "1985.??.??"]
[EventType "swiss"]
[EventRounds "10"]
[EventCountry "DEN"]
[SourceDate "2004.01.01"]

1. c4 g6 2. Nc3 Bg7 3. g3 e5 4. Bg2 d6 5. d3 Nc6 6. Nf3 Nge7 7. Bd2 h6 8. O-O
O-O 9. Rb1 a5 10. a3 Be6 11. b4 axb4 12. axb4 Qd7 13. b5 Nd8 14. Ne1 Bh3 15.
Nd5 Bxg2 16. Nxg2 Nxd5 17. cxd5 f5 18. Qb3 g5 19. f3 f4 20. g4 h5 21. h3 Nf7
1/2-1/2

[Event "7. Copenhagen Open Politiken Cup"]
[Site "Copenhagen"]
[Date "1985.??.??"]
[Round "1"]
[White "Brynell, Stellan"]
[Black "Bjarnason, Saevar"]
[Result "0-1"]
[WhiteElo "2250"]
[BlackElo "2355"]
[PlyCount "32"]
[EventDate "1985.??.??"]
[EventType "swiss"]
[EventRounds "10"]
[EventCountry "DEN"]
[SourceDate "2004.01.01"]

1. e4 e5 2. f4 exf4 3. Nf3 h6 4. d4 g5 5. g3 fxg3 6. h4 g4 7. Ng1 d5 8. Nc3
dxe4 9. Nxe4 Be7 10. Bf4 Nf6 11. Nxf6+ Bxf6 12. Qe2+ Kf8 13. O-O-O Nc6 14. d5
Nd4 15. Qc4 Qe7 16. Ne2 g2 0-1

[Event "7. Copenhagen Open Politiken Cup"]
[Site "Copenhagen"]
[Date "1985.??.??"]
[Round "1"]
[White "Clausen, Steen"]
[Black "Fedder, Steen"]
[Result "1/2-1/2"]
[WhiteElo "2285"]
[BlackElo "2410"]
[PlyCount "34"]
[EventDate "1985.??.??"]
[EventType "swiss"]
[EventRounds "10"]
[EventCountry "DEN"]
[SourceDate "2004.01.01"]

1. c4 c5 2. Nc3 Nf6 3. g3 e6 4. Nf3 b6 5. Bg2 Bb7 6. O-O Be7 7. b3 O-O 8. Bb2
d5 9. cxd5 Nxd5 10. Nxd5 Bxd5 11. d3 Bf6 12. Qd2 Nd7 13. Rfd1 Bxb2 14. Qxb2 Qf6
15. Qxf6 Nxf6 16. Ne5 Rac8 17. Rac1 Rfd8 1/2-1/2

[Event "7. Copenhagen Open Politiken Cup"]
[Site "Copenhagen"]
[Date "1985.??.??"]
[Round "1"]
[White "Fette, Martin"]
[Black "Westerinen, Heikki"]
[Result "0-1"]
[WhiteElo "2290"]
[BlackElo "2420"]
[PlyCount "46"]
[EventDate "1985.??.??"]
[EventType "swiss"]
[EventRounds "10"]
[EventCountry "DEN"]
[SourceDate "2004.01.01"]

1. e4 Nf6 2. Nc3 d5 3. e5 Nfd7 4. d4 e6 5. f4 b6 6. Nf3 Be7 7. f5 c5 8. fxe6
fxe6 9. Ng5 Bxg5 10. Qh5+ g6 11. Qxg5 Nc6 12. Qh6 Nxd4 13. Bd3 Nxe5 14. O-O Qd7
15. Bg5 Nxd3 16. cxd3 Nf5 17. Qh3 O-O 18. g4 Nd6 19. Rxf8+ Kxf8 20. Rf1+ Kg8
21. Qf3 Bb7 22. Qf6 Nf7 23. Bh4 Re8 0-1

[Event "7. Copenhagen Open Politiken Cup"]
[Site "Copenhagen"]
[Date "1985.??.??"]
[Round "1"]
[White "Fridjonsson, Julius"]
[Black "Bator, Robert"]
[Result "1/2-1/2"]
[WhiteElo "2265"]
[BlackElo "2380"]
[PlyCount "83"]
[EventDate "1985.??.??"]
[EventType "swiss"]
[EventRounds "10"]
[EventCountry "DEN"]
[SourceDate "2004.01.01"]

1. c4 e6 2. Nf3 Nf6 3. Nc3 Bb4 4. e3 b6 5. Qb3 a5 6. a3 Bxc3 7. Qxc3 Bb7 8. b3
d6 9. Bb2 O-O 10. Be2 c5 11. O-O e5 12. b4 Ne4 13. Qb3 Ng5 14. Nxg5 Qxg5 15. g3
Nd7 16. d4 axb4 17. axb4 exd4 18. exd4 Qd2 19. Bg4 Nf6 20. Bf5 Qxb4 21. Qxb4
cxb4 22. d5 b5 23. Rac1 bxc4 24. Bxf6 gxf6 25. Rxc4 Bxd5 26. Rxb4 Bf3 27. Bg4
Bd5 28. Rd4 Ra5 29. Rfd1 Bb3 30. Rb1 Ra4 31. Rxa4 Bxa4 32. Rb4 Bc2 33. Rc4 Bg6
34. Bf3 Rd8 35. Bd5 Kg7 36. Rc6 Rd7 37. g4 f5 38. g5 f4 39. Kg2 Re7 40. Rxd6
Re5 41. Kf3 Rxg5 42. Kxf4 1/2-1/2

[Event "7. Copenhagen Open Politiken Cup"]
[Site "Copenhagen"]
[Date "1985.??.??"]
[Round "1"]
[White "From, Sigfred"]
[Black "Gausel, Einar"]
[Result "0-1"]
[WhiteElo "2245"]
[BlackElo "2335"]
[PlyCount "112"]
[EventDate "1985.??.??"]
[EventType "swiss"]
[EventRounds "10"]
[EventCountry "DEN"]
[SourceDate "2004.01.01"]

1. d4 d5 2. Nc3 Nf6 3. Bg5 Bf5 4. e3 e6 5. Bd3 Bg6 6. Nge2 c5 7. O-O Nc6 8. Qd2
a6 9. a3 cxd4 10. exd4 Bxd3 11. Qxd3 h6 12. Bxf6 Qxf6 13. Rfe1 Bd6 14. Rad1 O-O
15. Ng3 Rac8 16. Re3 Na5 17. Rf3 Qg5 18. Re1 Nc4 19. Nd1 b5 20. c3 a5 21. Nf1
Qc1 22. Qe2 Qb1 23. Nfe3 Qe4 24. Nxc4 Qxe2 25. Rxe2 Rxc4 26. Ne3 Rc7 27. g3 b4
28. axb4 axb4 29. cxb4 Bxb4 30. Nc2 Be7 31. Rb3 Rc4 32. Rb7 Bf6 33. b3 Rc3 34.
Rd2 Rfc8 35. Ne1 Rc1 36. Kf1 Rb1 37. Ke2 Rc3 38. b4 g5 39. h3 h5 40. Nf3 Rcb3
41. g4 Rxb4 42. Rxb4 Rxb4 43. gxh5 Kg7 44. Ke3 Kh6 45. Rd1 Kxh5 46. Rg1 Rb2 47.
Rg4 Bd8 48. Ne5 Rb3+ 49. Nd3 f5 50. Rg1 Bf6 51. Ra1 f4+ 52. Ke2 Bxd4 53. Ra6
Rb6 54. Ra8 e5 55. Ra5 Rd6 56. Ra8 e4 0-1

[Event "7. Copenhagen Open Politiken Cup"]
[Site "Copenhagen"]
[Date "1985.??.??"]
[Round "1"]
[White "Gruenberg, Rainer"]
[Black "Stein, Bernd"]
[Result "0-1"]
[WhiteElo "2265"]
[BlackElo "2380"]
[PlyCount "84"]
[EventDate "1985.??.??"]
[EventType "swiss"]
[EventRounds "10"]
[EventCountry "DEN"]
[SourceDate "2004.01.01"]

1. d4 Nf6 2. c4 d6 3. Nc3 Nbd7 4. Nf3 c6 5. e4 e5 6. Be2 Be7 7. O-O O-O 8. Rb1
a6 9. d5 cxd5 10. cxd5 b5 11. b4 Nb6 12. Be3 Bd7 13. Nd2 Qc7 14. Qb3 Rfc8 15.
Rbc1 Bd8 16. Rc2 Ng4 17. Bxg4 Bxg4 18. Rfc1 Qb7 19. f3 Bd7 20. Nd1 f5 21. Nb2
Rxc2 22. Rxc2 Rc8 23. Kf2 fxe4 24. fxe4 Bh4+ 25. Ke2 Na4 26. Nf3 Bd8 27. Kd1 h6
28. h3 Rc7 29. Nd2 Rxc2 30. Qxc2 a5 31. Nxa4 bxa4 32. bxa5 Bxa5 33. Nc4 Bc7 34.
Na3 Kh7 35. Qc4 Bd8 36. Kc2 Be8 37. Nb1 Bb5 38. Qc3 Qa6 39. Nd2 Ba5 40. Qa3 Be2
41. Nf3 Qc4+ 42. Kb2 Bb4 0-1

[Event "7. Copenhagen Open Politiken Cup"]
[Site "Copenhagen"]
[Date "1985.??.??"]
[Round "1"]
[White "Hartman, Christer"]
[Black "Ernst, Thomas"]
[Result "0-1"]
[WhiteElo "2295"]
[BlackElo "2450"]
[PlyCount "76"]
[EventDate "1985.??.??"]
[EventType "swiss"]
[EventRounds "10"]
[EventCountry "DEN"]
[SourceDate "2004.01.01"]

1. e4 c5 2. Nf3 d6 3. d4 cxd4 4. Nxd4 Nf6 5. Nc3 g6 6. f4 Bg7 7. e5 Nh5 8. Bb5+
Bd7 9. e6 fxe6 10. Nxe6 Bxc3+ 11. bxc3 Qc8 12. Qd4 Nf6 13. Bxd7+ Nbxd7 14. f5
Nc5 15. Nxc5 Qxc5 16. Qxc5 dxc5 17. O-O O-O 18. fxg6 hxg6 19. Bg5 Ne4 20. Rxf8+
Rxf8 21. Bxe7 Rf7 22. Bh4 Nxc3 23. Bf2 b6 24. a4 Rf4 25. a5 Rc4 26. axb6 axb6
27. Kf1 Kf7 28. Ra3 Ke6 29. Ke1 Kd5 30. Rb3 b5 31. Be3 b4 32. Bd2 Ne4 33. h4
Rxc2 34. Bxb4 cxb4 35. Rxb4 Rxg2 36. Rb8 Kd4 37. Rg8 Ke3 38. Kf1 Rg4 0-1

[Event "7. Copenhagen Open Politiken Cup"]
[Site "Copenhagen"]
[Date "1985.??.??"]
[Round "1"]
[White "Hartung Nielsen, Jens"]
[Black "Kamaras, Peter"]
[Result "1/2-1/2"]
[WhiteElo "2245"]
[BlackElo "2330"]
[PlyCount "37"]
[EventDate "1985.??.??"]
[EventType "swiss"]
[EventRounds "10"]
[EventCountry "DEN"]
[SourceDate "2004.01.01"]

1. d4 f5 2. Nf3 Nf6 3. g3 b6 4. Bg2 Bb7 5. O-O e6 6. c4 c5 7. d5 exd5 8. Nh4 g6
9. Nc3 Nc6 10. Nxd5 Nxd5 11. Bxd5 Qc7 12. Bg5 Be7 13. Nf3 Bxg5 14. Nxg5 h6 15.
Nf7 Rh7 16. Bxc6 Bxc6 17. Qd6 Qxd6 18. Nxd6+ Ke7 19. Rfd1 1/2-1/2

[Event "7. Copenhagen Open Politiken Cup"]
[Site "Copenhagen"]
[Date "1985.??.??"]
[Round "1"]
[White "Huenerkopf, Heinz"]
[Black "Hodgson, Julian M"]
[Result "0-1"]
[WhiteElo "2305"]
[BlackElo "2455"]
[PlyCount "84"]
[EventDate "1985.??.??"]
[EventType "swiss"]
[EventRounds "10"]
[EventCountry "DEN"]
[SourceDate "2004.01.01"]

1. e4 c5 2. Nf3 d6 3. d4 cxd4 4. Nxd4 Nf6 5. Nc3 g6 6. Be3 Bg7 7. f3 O-O 8. Qd2
Nc6 9. g4 Nxd4 10. Bxd4 Be6 11. O-O-O Qa5 12. a3 Rfc8 13. h4 Rab8 14. h5 b5 15.
h6 b4 16. hxg7 bxa3 17. Nb5 Rxb5 18. Bxb5 Qxb5 19. bxa3 Qa4 20. Qd3 Bc4 21. Qc3
Ba6 22. Qb2 Be2 23. Rd2 Bxf3 24. Rf1 Bxg4 25. Rdf2 Be6 26. Rh1 Ng4 27. Rf3
Rxc2+ 28. Qxc2 Qxd4 29. Qc3 Qxe4 30. Rxh7 Ne5 31. Rfh3 Qf4+ 32. Kc2 Bf5+ 33.
Kb3 Bxh3 34. Rxh3 Kxg7 35. Qc8 Kf6 36. Qh8+ Kf5 37. Qc8+ e6 38. Qc2+ Kf6 39.
Qc8 d5 40. Qh8+ Ke7 41. Rc3 Nc4 42. Qc8 Qd2 0-1

[Event "7. Copenhagen Open Politiken Cup"]
[Site "Copenhagen"]
[Date "1985.??.??"]
[Round "1"]
[White "Jacobsen, Bo"]
[Black "Steczkowski, Kazimierz"]
[Result "1-0"]
[WhiteElo "2280"]
[BlackElo "2390"]
[PlyCount "113"]
[EventDate "1985.??.??"]
[EventType "swiss"]
[EventRounds "10"]
[EventCountry "DEN"]
[SourceDate "2004.01.01"]

1. c4 Nf6 2. g3 c6 3. Nf3 d5 4. b3 Bg4 5. Bg2 e6 6. Bb2 Nbd7 7. O-O Bd6 8. d3
Qe7 9. a3 O-O 10. Nbd2 a5 11. Re1 Rfe8 12. h3 Bh5 13. Qc2 Bc5 14. d4 Bb6 15. e4
Nxe4 16. Nxe4 Bg6 17. Nh4 Bxe4 18. Bxe4 dxe4 19. Qxe4 Qg5 20. Rad1 Rad8 21. Kg2
Qh5 22. Nf3 f6 23. Rd2 Qg6 24. Qf4 Qf7 25. h4 Nf8 26. Qg4 h5 27. Qe4 c5 28.
Red1 cxd4 29. Nxd4 Rd7 30. Nb5 Red8 31. Qe2 e5 32. Bc3 Rxd2 33. Rxd2 Rxd2 34.
Qxd2 a4 35. Nd6 Qe6 36. bxa4 Bc5 37. Nxb7 Qxc4 38. Nxc5 Qxc5 39. Bb4 Qc6+ 40.
Kh2 Ne6 41. Qd6 Qc4 42. Qd7 Kh7 43. a5 Qf1 44. Qd2 Nd4 45. Qe3 g6 46. Bc5 Nf5
47. Qb3 Nh6 48. Qb7+ Kh8 49. Qc8+ Kh7 50. Qd7+ Kh8 51. Qe8+ Kh7 52. Qe7+ Kg8
53. Qd8+ Kh7 54. Qc7+ Kh8 55. Qb8+ Kh7 56. Qa7+ Kh8 57. Qa8+ 1-0

[Event "7. Copenhagen Open Politiken Cup"]
[Site "Copenhagen"]
[Date "1985.??.??"]
[Round "1"]
[White "Jacoby, Gisbert"]
[Black "Hebden, Mark"]
[Result "0-1"]
[WhiteElo "2305"]
[BlackElo "2480"]
[PlyCount "112"]
[EventDate "1985.??.??"]
[EventType "swiss"]
[EventRounds "10"]
[EventCountry "DEN"]
[SourceDate "2004.01.01"]

1. c4 Nf6 2. Nc3 g6 3. g3 Bg7 4. Bg2 O-O 5. e4 d6 6. Nge2 c5 7. O-O Nc6 8. d3
Rb8 9. Rb1 a6 10. a4 Bd7 11. h3 Ne8 12. Be3 Nc7 13. d4 cxd4 14. Nxd4 Qc8 15.
Kh2 Nxd4 16. Bxd4 Bxd4 17. Qxd4 Ne6 18. Qd3 Nc5 19. Qc2 b5 20. axb5 axb5 21.
Nxb5 Bxb5 22. cxb5 Rxb5 23. b4 Ne6 24. Qd2 Qc7 25. Rfc1 Qb6 26. Rc4 Rb8 27. f4
Qd8 28. Rbc1 Nf8 29. h4 e5 30. Bh3 exf4 31. Qxf4 Rxb4 32. Rxb4 Rxb4 33. Rd1 Qe7
34. Qxd6 Rb2+ 35. Bg2 Qxe4 36. Qd5 Qe2 37. Ra1 Rd2 38. Qb7 Ne6 39. Ra7 Qf2 40.
Ra8+ Kg7 41. Ra3 Nd4 42. Qd5 h5 43. Qe5+ Kh7 44. Qe4 Re2 45. Qb7 Kg7 46. Kh3
Nc2 47. Ra2 Ne3 48. Rxe2 Qxe2 49. Qf3 Qxg2+ 50. Qxg2 Nxg2 51. Kxg2 Kf6 52. Kf2
Kf5 53. Kf3 f6 54. g4+ hxg4+ 55. Kg3 Ke5 56. Kxg4 Ke4 0-1

[Event "7. Copenhagen Open Politiken Cup"]
[Site "Copenhagen"]
[Date "1985.??.??"]
[Round "1"]
[White "Nielsen, Jorgen G"]
[Black "Iskov, Gert"]
[Result "0-1"]
[WhiteElo "2240"]
[BlackElo "2325"]
[PlyCount "46"]
[EventDate "1985.??.??"]
[EventType "swiss"]
[EventRounds "10"]
[EventCountry "DEN"]
[SourceDate "2004.01.01"]

1. d4 Nf6 2. c4 e6 3. Nc3 Bb4 4. e3 c5 5. Nge2 cxd4 6. exd4 d5 7. a3 Bxc3+ 8.
Nxc3 dxc4 9. Bxc4 O-O 10. Bg5 Nc6 11. d5 exd5 12. Nxd5 Re8+ 13. Kf1 Be6 14.
Bxf6 gxf6 15. Rc1 Rc8 16. Bb3 Bxd5 17. Bxd5 Ne5 18. Rxc8 Qxc8 19. g3 Rd8 20.
Qb3 Qc5 21. Be4 Rd2 22. Qe3 Qc4+ 23. Kg2 Re2 0-1

[Event "7. Copenhagen Open Politiken Cup"]
[Site "Copenhagen"]
[Date "1985.??.??"]
[Round "1"]
[White "Nilsson, Nils Specht"]
[Black "Srensen, Torben"]
[Result "0-1"]
[WhiteElo "2200"]
[BlackElo "2315"]
[PlyCount "68"]
[EventDate "1985.??.??"]
[EventType "swiss"]
[EventRounds "10"]
[EventCountry "DEN"]
[SourceDate "2004.01.01"]

1. e4 c5 2. Nf3 e6 3. d4 cxd4 4. Nxd4 a6 5. c4 Nf6 6. Nc3 d6 7. Be2 Nbd7 8. O-O
b6 9. Re1 Bb7 10. Bf1 Qc7 11. f3 Be7 12. Be3 O-O 13. Rc1 Rfe8 14. Qe2 Rac8 15.
b3 Qb8 16. Qf2 Bd8 17. Red1 Bc7 18. g4 h6 19. Nde2 Ba8 20. Ng3 Ne5 21. Kg2 d5
22. h3 dxe4 23. Ngxe4 Nxe4 24. fxe4 Ng6 25. Rd7 Rf8 26. Kg1 Bg3 27. Qe2 Ne5 28.
Rd2 f5 29. gxf5 exf5 30. Bg2 f4 31. Bd4 f3 32. Bxe5 fxe2 33. Bxb8 e1=Q+ 34.
Rxe1 Bxe1 0-1

[Event "7. Copenhagen Open Politiken Cup"]
[Site "Copenhagen"]
[Date "1985.??.??"]
[Round "1"]
[White "Pavlovic, Milos"]
[Black "Hansen, Curt"]
[Result "1-0"]
[WhiteElo "2305"]
[BlackElo "2505"]
[PlyCount "47"]
[EventDate "1985.??.??"]
[EventType "swiss"]
[EventRounds "10"]
[EventCountry "DEN"]
[SourceDate "2004.01.01"]

1. e4 d6 2. d4 Nf6 3. Nc3 g6 4. Bg5 c6 5. Qd2 b5 6. Bd3 Bg7 7. f4 h6 8. Bh4 b4
9. Nce2 Qb6 10. Nf3 d5 11. e5 Ne4 12. Qe3 f5 13. exf6 exf6 14. Bxe4 dxe4 15.
Qxe4+ Kf7 16. Ne5+ fxe5 17. fxe5 g5 18. O-O+ Kg8 19. Qg6 Bg4 20. Rf7 Rh7 21.
Rf8+ Kxf8 22. Rf1+ Ke7 23. Qxh7 Nd7 24. Bxg5+ 1-0

[Event "7. Copenhagen Open Politiken Cup"]
[Site "Copenhagen"]
[Date "1985.??.??"]
[Round "1"]
[White "Peric, Slavisa"]
[Black "Heyken, Enno"]
[Result "0-1"]
[WhiteElo "2245"]
[BlackElo "2350"]
[PlyCount "57"]
[EventDate "1985.??.??"]
[EventType "swiss"]
[EventRounds "10"]
[EventCountry "DEN"]
[SourceDate "2004.01.01"]

1. d4 Nf6 2. c4 e6 3. Nf3 d5 4. g3 Bb4+ 5. Bd2 Be7 6. Bg2 O-O 7. O-O Nbd7 8.
Qc2 c6 9. Bf4 b6 10. Nbd2 Bb7 11. e4 Rc8 12. Ne5 Nxe5 13. Bxe5 Qd7 14. h3 c5
15. cxd5 cxd4 16. Qd3 exd5 17. exd5 Bxd5 18. Bxd5 Qxd5 19. Qxd4 Qe6 20. g4 Rfd8
21. Qf4 Nd5 22. Qe4 Qh6 23. Nf3 Qxh3 24. g5 f5 25. gxf6 Nxf6 26. Qb7 Nd5 27.
Rad1 Qxf3 28. Rxd5 Qxd5 29. Qxe7 0-1

[Event "7. Copenhagen Open Politiken Cup"]
[Site "Copenhagen"]
[Date "1985.??.??"]
[Round "1"]
[White "Rasmussen, Karsten"]
[Black "Karolyi, Tibor Jr"]
[Result "1-0"]
[WhiteElo "2295"]
[BlackElo "2445"]
[PlyCount "91"]
[EventDate "1985.??.??"]
[EventType "swiss"]
[EventRounds "10"]
[EventCountry "DEN"]
[SourceDate "2004.01.01"]

1. e4 c5 2. Nf3 d6 3. d4 cxd4 4. Nxd4 Nf6 5. Nc3 a6 6. Be3 Nc6 7. Qd2 e5 8. Nb3
Be6 9. f4 exf4 10. Bxf4 Be7 11. O-O-O Qb6 12. Nd5 Bxd5 13. exd5 Ne5 14. Nd4 g6
15. Nf3 Nfd7 16. Nxe5 dxe5 17. d6 exf4 18. Re1 O-O-O 19. dxe7 Rde8 20. Qc3+ Qc5
21. Bc4 f6 22. Bf7 Qxc3 23. bxc3 Ne5 24. Bxe8 Rxe8 25. Re4 g5 26. h4 h6 27.
hxg5 hxg5 28. Rh6 Ng4 29. Rh7 Ne5 30. Rh6 Ng4 31. Rh7 Ne5 32. Rd4 Kc7 33. Rd8
Rxe7 34. Rxe7+ Kxd8 35. Rxb7 Ng4 36. Kd2 Ne3 37. Rf7 f5 38. Ke2 Ke8 39. Rg7 g4
40. g3 Nd5 41. gxf4 Nxc3+ 42. Kd3 Nd5 43. Kd4 Nxf4 44. Ke5 Ne2 45. c4 f4 46. c5
1-0

[Event "7. Copenhagen Open Politiken Cup"]
[Site "Copenhagen"]
[Date "1985.??.??"]
[Round "1"]
[White "Reinert, Mads"]
[Black "Bosboom, Manuel"]
[Result "1/2-1/2"]
[WhiteElo "2260"]
[BlackElo "2380"]
[PlyCount "59"]
[EventDate "1985.??.??"]
[EventType "swiss"]
[EventRounds "10"]
[EventCountry "DEN"]
[SourceDate "2004.01.01"]

1. e4 d6 2. d4 Nf6 3. Nc3 g6 4. f4 Bg7 5. Nf3 O-O 6. Bd3 Na6 7. O-O c5 8. d5
Rb8 9. Qe1 Nb4 10. f5 b5 11. Qh4 c4 12. a3 Qb6+ 13. Kh1 Qa5 14. Bh6 cxd3 15.
axb4 Qxb4 16. fxg6 fxg6 17. Bxg7 Kxg7 18. Rxa7 Re8 19. Ne5 Rb7 20. Nxd3 Qc4 21.
Rxb7 Bxb7 22. Qf2 b4 23. Ne2 Qxe4 24. Nef4 Bxd5 25. Nxd5 Qxd5 26. Nxb4 Qc4 27.
Qf4 Qxf4 28. Rxf4 Ra8 29. Rf1 e5 30. h3 1/2-1/2

[Event "7. Copenhagen Open Politiken Cup"]
[Site "Copenhagen"]
[Date "1985.??.??"]
[Round "1"]
[White "Schandorff, Lars"]
[Black "Hoi, Carsten"]
[Result "0-1"]
[WhiteElo "2275"]
[BlackElo "2380"]
[PlyCount "132"]
[EventDate "1985.??.??"]
[EventType "swiss"]
[EventRounds "10"]
[EventCountry "DEN"]
[SourceDate "2004.01.01"]

1. e4 g6 2. d4 Bg7 3. g3 d6 4. Bg2 Nf6 5. Ne2 O-O 6. Nbc3 e5 7. h3 Nc6 8. Be3
Bd7 9. O-O exd4 10. Nxd4 Re8 11. Re1 Nxd4 12. Bxd4 Bc6 13. Qd2 a5 14. a4 Nd7
15. Rad1 Bxd4 16. Qxd4 Qg5 17. Re3 Qc5 18. Qd2 Re7 19. Rde1 Rae8 20. b3 Qb4 21.
R1e2 Kg7 22. Kh2 f6 23. f4 Qc5 24. Nd1 Qb6 25. Nb2 d5 26. e5 fxe5 27. Bxd5 Bxd5
28. Qxd5 Nf6 29. Qb5 Qxb5 30. axb5 Nd5 31. Rxe5 Rxe5 32. fxe5 Nc3 33. Re3 Nxb5
34. Nc4 b6 35. Rd3 Kf7 36. Kg2 Ke6 37. Nd2 Na7 38. Nf3 h6 39. Rc3 Re7 40. Rc4
c5 41. Rg4 g5 42. h4 Kf5 43. Rc4 Nc6 44. g4+ Kg6 45. hxg5 hxg5 46. Re4 b5 47.
Re1 Nb4 48. Ra1 Ra7 49. Ne1 Nc6 50. Nf3 a4 51. bxa4 Rxa4 52. Rd1 Rxg4+ 53. Kh3
Kf5 54. e6 Ne7 55. Rd7 Rc4 56. Nxg5 Kxg5 57. Rxe7 Kf6 58. Rb7 Kxe6 59. Rxb5
Rxc2 60. Kg3 Kd5 61. Kf3 Kd4 62. Rb8 Rd2 63. Rd8+ Kc3 64. Rc8 c4 65. Ke3 Rd7
66. Ke2 Kb3 0-1

[Event "7. Copenhagen Open Politiken Cup"]
[Site "Copenhagen"]
[Date "1985.??.??"]
[Round "1"]
[White "Setterqvist, Kurt"]
[Black "Braga, Fernando"]
[Result "0-1"]
[WhiteElo "2280"]
[BlackElo "2390"]
[PlyCount "116"]
[EventDate "1985.??.??"]
[EventType "swiss"]
[EventRounds "10"]
[EventCountry "DEN"]
[SourceDate "2004.01.01"]

1. d4 d5 2. Nf3 Nf6 3. c4 e6 4. Bg5 c6 5. e3 Nbd7 6. Nc3 Be7 7. Rc1 O-O 8. Bd3
a6 9. a3 b5 10. cxb5 cxb5 11. O-O Bb7 12. a4 b4 13. Ne2 Bd6 14. Bf4 Bxf4 15.
Nxf4 Qa5 16. Ne5 Rfc8 17. Nxd7 Nxd7 18. Qh5 Nf6 19. Qh4 Qxa4 20. g4 h6 21. g5
hxg5 22. Qxg5 Rxc1 23. Rxc1 Rc8 24. Rb1 Bc6 25. Kh1 Bb5 26. Rg1 Ne8 27. Bb1 Kf8
28. h4 Qb3 29. h5 Qxb2 30. h6 gxh6 31. Qxh6+ Ke7 32. Qg5+ Kd7 33. Nxd5 exd5 34.
Bf5+ Kc7 35. Qe7+ Kb8 36. Bxc8 Kxc8 37. Qxf7 Qc2 38. Qe6+ Kb7 39. Qe7+ Nc7 40.
Qxb4 Qxf2 41. Qe7 Qf5 42. Rg2 Qe4 43. Qf6 Qxe3 44. Rg6 Qc1+ 45. Kh2 Qc2+ 46.
Kh1 Qb1+ 47. Kh2 Be8 48. Rg7 Qb6 49. Qe5 Qc6 50. Kg1 Bg6 51. Kf2 a5 52. Ke1 Be4
53. Qe7 Qc3+ 54. Ke2 Qd3+ 55. Ke1 Qe3+ 56. Kd1 Qxd4+ 57. Ke1 Qc3+ 58. Kd1 Bf3+
0-1

[Event "7. Copenhagen Open Politiken Cup"]
[Site "Copenhagen"]
[Date "1985.??.??"]
[Round "1"]
[White "Sorensen, Henrik"]
[Black "Norgaard, Jesper"]
[Result "1/2-1/2"]
[WhiteElo "2235"]
[BlackElo "2325"]
[PlyCount "69"]
[EventDate "1985.??.??"]
[EventType "swiss"]
[EventRounds "10"]
[EventCountry "DEN"]
[SourceDate "2004.01.01"]

1. d4 Nf6 2. Nf3 g6 3. Bg5 Bg7 4. Nbd2 d5 5. e3 O-O 6. h3 b6 7. c4 Bb7 8. cxd5
Nxd5 9. Be2 h6 10. Bh4 Nd7 11. O-O c5 12. Nc4 N5f6 13. dxc5 Nxc5 14. Nd4 Qd5
15. f3 Rad8 16. Qc2 Ne6 17. Rfd1 Nxd4 18. Rxd4 Qe6 19. Rxd8 Rxd8 20. Bf2 Nd5
21. Qb3 Rc8 22. Bf1 Ba6 23. Nxb6 Rb8 24. e4 Nxb6 25. Qxe6 fxe6 26. Bxa6 Rd8 27.
Rc1 Bxb2 28. Rc2 Rd1+ 29. Kh2 Be5+ 30. g3 g5 31. Kg2 Kf7 32. Be3 Rb1 33. Kf2
Rb4 34. Be2 Ra4 35. Bb5 1/2-1/2

[Event "7. Copenhagen Open Politiken Cup"]
[Site "Copenhagen"]
[Date "1985.??.??"]
[Round "1"]
[White "Vogel, Jaap"]
[Black "Welin, Thomas"]
[Result "1/2-1/2"]
[WhiteElo "2280"]
[BlackElo "2395"]
[PlyCount "97"]
[EventDate "1985.??.??"]
[EventType "swiss"]
[EventRounds "10"]
[EventCountry "DEN"]
[SourceDate "2004.01.01"]

1. Nf3 c5 2. g3 Nc6 3. Bg2 g6 4. c3 e5 5. d4 cxd4 6. cxd4 e4 7. Ne5 d5 8. Qa4
Bg7 9. Nxc6 Qd7 10. Nc3 bxc6 11. b3 Ne7 12. Ba3 Bb7 13. e3 a5 14. Bxe7 Kxe7 15.
Qa3+ Qd6 16. Qxd6+ Kxd6 17. Na4 Rhb8 18. Kd2 Bc8 19. Rac1 Bd7 20. Rc2 Be8 21.
h4 h6 22. Bh3 Ra7 23. h5 Bf8 24. Nc5 Kc7 25. hxg6 Bxc5 26. Rxc5 fxg6 27. Bg4 h5
28. Bd1 Kd6 29. g4 Rb5 30. Rxb5 cxb5 31. gxh5 gxh5 32. Bxh5 Rh7 33. Bf3 Rxh1
34. Bxh1 b4 35. f4 exf3 36. Bxf3 Bg6 37. Bd1 Bf5 38. Bc2 Bg4 39. e4 dxe4 40.
Ke3 Be6 41. Bxe4 Bf7 42. Kd2 Be6 43. Bd3 Bd7 44. Bc4 Bf5 45. Kc1 Be4 46. Kb2
Bc6 47. a3 bxa3+ 48. Kxa3 Bd7 49. Kb2 1/2-1/2

[Event "7. Copenhagen Open Politiken Cup"]
[Site "Copenhagen"]
[Date "1985.??.??"]
[Round "2"]
[White "Agdestein, Espen"]
[Black "Peric, Slavisa"]
[Result "1-0"]
[WhiteElo "2305"]
[BlackElo "2245"]
[PlyCount "68"]
[EventDate "1985.??.??"]
[EventType "swiss"]
[EventRounds "10"]
[EventCountry "DEN"]
[SourceDate "2004.01.01"]

1. d4 Nf6 2. c4 e6 3. Nc3 d5 4. Bg5 Be7 5. e3 O-O 6. Nf3 h6 7. Bh4 b6 8. Rc1
Bb7 9. cxd5 exd5 10. Be2 Nbd7 11. O-O a6 12. Qc2 c5 13. Rfd1 Ne4 14. Bxe7 Qxe7
15. dxc5 Nxc3 16. Qxc3 bxc5 17. Qa3 Rfc8 18. Ne1 Rc7 19. Bf3 Nf6 20. Nd3 Rac8
21. h3 g5 22. Rc2 Kf8 23. Nc1 Qe6 24. Ne2 Kg8 25. Rdc1 Nd7 26. Bg4 f5 27. Nd4
cxd4 28. Rxc7 Rxc7 29. Rxc7 fxg4 30. Rxb7 gxh3 31. Qd3 hxg2 32. Qxd4 Ne5 33.
Kxg2 Qf6 34. Qxd5+ Kh8 1-0